Easy Quiz - Statistics

General Stats
  • This quiz has been taken 424 times
  • The average score is 8 of 8
Answer Stats
Question Answer % Correct
33+33 66
99%
------ Bieber? (Singer of Baby and he is canadian) Justin
98%
How many arms does a starfish have? 5
97%
What is the name of the Brand/company that made IPhone and IPod? apple
97%
Biggest country in the world? Russia
95%
What is the name of Barbie's boyfriend? Ken
91%
What is the sport which has backstroke, crawl and dive? Swimming
91%
1 cubed? 1
89%
No matching quizzes found
Score Distribution
Percent of People with Each Score
Percentile by Number Answered
Your Score History
You have not taken this quiz